[Event "Titled Tuesday intern op 02nd Apr Early"]
[Site "Chess.com INT"]
[Date "2024.04.02"]
[Round "1"]
[White "Durarbayli, Vasif"]
[Black "Radibratovic, Predrag"]
[Result "1-0"]
[WhiteElo "2627"]
[BlackElo "2324"]
[PlyCount "59"]
[EventDate "2024.04.02"]
[EventType "swiss (blitz)"]
[EventRounds "11"]
[EventCountry "USA"]
[SourceTitle "CB15_2024"]
[SourceDate "2024.04.10"]
[SourceVersion "1"]
[SourceVersionDate "2024.04.10"]
[SourceQuality "1"]

1. e4 c6 2. d4 d5 3. exd5 cxd5 4. c4 e6 5. Nc3 Nf6 6. Nf3 dxc4 7. Bxc4 Be7 8. 0-0 0-0 9. Re1 Nbd7 10. Ne5 Nb6 11. Bd3 Nbd5 12. Bg5 Bd7 13. Qf3 Bc6 14. Qh3 h6 15. Bxh6 gxh6 16. Qxh6 Nxc3 17. bxc3 Qd5 18. Qg5+ Kh8 19. Qh4+ Kg7 20. Qg3+ Kh8 21. Qh3+ Kg7 22. Re3 Qxg2+ 23. Qxg2+ Bxg2 24. Rg3+ Kh8 25. Kxg2 Rac8 26. Rg1 Rxc3 27. Rh3+ Kg7 28. Kh1+ Ng4 29. Rxg4+ Kf6 30. Rf3# 1-0

[Event "Titled Tuesday intern op 02nd Apr Early"]
[Site "Chess.com INT"]
[Date "2024.04.02"]
[Round "11"]
[White "Skliarov, Viktor"]
[Black "Radibratovic, Predrag"]
[Result "1-0"]
[WhiteElo "2345"]
[BlackElo "2324"]
[PlyCount "107"]
[EventDate "2024.04.02"]
[EventType "swiss (blitz)"]
[EventRounds "11"]
[EventCountry "USA"]
[SourceTitle "CB15_2024"]
[SourceDate "2024.04.10"]
[SourceVersion "1"]
[SourceVersionDate "2024.04.10"]
[SourceQuality "1"]

1. e4 c6 2. d4 d5 3. e5 g6 4. h3 h5 5. Bd3 Na6 6. c3 Nc7 7. Ne2 h4 8. Qc2 Bh6 9. Nd2 Be6 10. 0-0 Qd7 11. f4 Bf5 12. Bxf5 Qxf5 13. Qxf5 gxf5 14. Nf3 Bf8 15. Be3 e6 16. Bf2 Be7 17. Rfc1 Kd7 18. b3 a5 19. a4 Na6 20. Rc2 Bd8 21. Nc1 Be7 22. Nd3 Bd8 23. c4 Nc7 24. Kf1 Kc8 25. Ke2 Ra6 26. Nc5 Ra7 27. Be1 Be7 28. Nd3 Bd8 29. Rac1 Kd7 30. Nc5+ Kc8 31. Nd3 Kd7 32. Ra2 Be7 33. Nc5+ Kc8 34. Rb1 Bd8 35. b4 axb4 36. a5 Na6 37. Nxa6 Rxa6 38. Bxb4 dxc4 39. Rab2 f6 40. Bd6 Rh7 41. Nd2 fxe5 42. Nxc4 exd4 43. Kd3 Rd7 44. Be5 Be7 45. Nb6+ Rxb6 46. Rxb6 Bd8 47. Rxc6+ Rc7 48. Rxc7+ Bxc7 49. Rc1 Kd8 50. Rxc7 Ne7 51. Rxb7 Nc6 52. a6 Kc8 53. Rc7+ Kd8 54. Rxc6 1-0

[Event "Titled Tuesday intern op 02nd Apr Early"]
[Site "Chess.com INT"]
[Date "2024.04.02"]
[Round "8"]
[White "Wu, Derek"]
[Black "Radibratovic, Predrag"]
[Result "1-0"]
[WhiteElo "2295"]
[BlackElo "2324"]
[PlyCount "139"]
[EventDate "2024.04.02"]
[EventType "swiss (blitz)"]
[EventRounds "11"]
[EventCountry "USA"]
[SourceTitle "CB15_2024"]
[SourceDate "2024.04.10"]
[SourceVersion "1"]
[SourceVersionDate "2024.04.10"]
[SourceQuality "1"]

1. d4 d5 2. c4 c6 3. Nf3 Nf6 4. e3 Bf5 5. Nc3 e6 6. Nh4 Bg6 7. Qb3 Qb6 8. Nxg6 hxg6 9. Bd2 Nbd7 10. h3 Qxb3 11. axb3 a6 12. Bd3 Nh5 13. 0-0 f5 14. f3 Nhf6 15. Rfe1 Kf7 16. e4 Rd8 17. g4 Rxh3 18. Kg2 Rh8 19. exf5 gxf5 20. gxf5 exf5 21. Bxf5 Bd6 22. Be6+ Kf8 23. Rh1 Rxh1 24. Rxh1 Ke7 25. cxd5 cxd5 26. Bxd5 Nxd5 27. Nxd5+ Kf7 28. Bc3 Re8 29. Kf2 Rd8 30. Ne3 Bf4 31. Nc4 Bb8 32. Na5 b6 33. Nc6 Rc8 34. Nxb8 Rxb8 35. b4 b5 36. d5 Rb6 37. Rg1 g6 38. Ke3 Rd6 39. Ke4 Nb6 40. Rd1 Nc4 41. b3 Nb6 42. Be5 Rd7 43. d6 Ke6 44. Rg1 Kf7 45. Ra1 Nc8 46. Rxa6 Ke6 47. f4 Na7 48. Rb6 Nc8 49. Rxb5 Na7 50. Rb6 Nc8 51. Ra6 Na7 52. Kd4 Nb5+ 53. Kc5 Na7 54. b5 g5 55. b6 Nc8 56. Ra8 Nxb6 57. Kxb6 gxf4 58. Bxf4 Kd5 59. Ra5+ Ke6 60. b4 Rf7 61. Be5 Rf8 62. Rc5 Rb8+ 63. Ka5 Ra8+ 64. Kb5 Rb8+ 65. Kc4 Ra8 66. b5 Ra2 67. b6 Kd7 68. Rc7+ Ke6 69. b7 Rb2 70. Bxb2 1-0

[Event "Titled Tuesday intern op 06th Feb Early"]
[Site "Chess.com INT"]
[Date "2024.02.06"]
[Round "3"]
[White "Mahdavi, Reza"]
[Black "Radibratovic, Predrag"]
[Result "1-0"]
[WhiteElo "2312"]
[BlackElo "2324"]
[PlyCount "65"]
[EventDate "2024.02.06"]
[EventType "swiss (blitz)"]
[EventRounds "11"]
[EventCountry "USA"]
[SourceTitle "CB07_2024"]
[SourceDate "2024.02.14"]
[SourceVersion "1"]
[SourceVersionDate "2024.02.14"]
[SourceQuality "1"]

1. e4 c6 2. d4 d5 3. e5 g6 4. c4 Be6 5. cxd5 Bxd5 6. Nc3 e6 7. h4 h5 8. Nge2 Be7 9. Nf4 Nh6 10. Bd3 Nf5 11. Bxf5 gxf5 12. Ncxd5 cxd5 13. Nxh5 Bxh4 14. g3 Rxh5 15. Qxh5 Be7 16. Qh8+ Bf8 17. Bh6 Nd7 18. Bxf8 Nxf8 19. 0-0 Rc8 20. Rac1 Rxc1 21. Rxc1 Qd7 22. a4 a6 23. b4 Ke7 24. b5 axb5 25. axb5 Ng6 26. Qf6+ Ke8 27. b6 Qd8 28. Qxd8+ Kxd8 29. Rc7 Ne7 30. Rxb7 Nc6 31. Rxf7 Nxd4 32. b7 Nc6 33. Kf1 1-0

[Event "Titled Tuesday intern op 06th Feb Early"]
[Site "Chess.com INT"]
[Date "2024.02.06"]
[Round "1"]
[White "Radibratovic, Predrag"]
[Black "Anton Guijarro, David"]
[Result "0-1"]
[WhiteElo "2324"]
[BlackElo "2672"]
[PlyCount "102"]
[EventDate "2024.02.06"]
[EventType "swiss (blitz)"]
[EventRounds "11"]
[EventCountry "USA"]
[SourceTitle "CB07_2024"]
[SourceDate "2024.02.14"]
[SourceVersion "1"]
[SourceVersionDate "2024.02.14"]
[SourceQuality "1"]

1. d4 d5 2. Bf4 c5 3. c3 Nc6 4. e3 e6 5. Nd2 Nf6 6. Ngf3 cxd4 7. cxd4 Be7 8. Be2 Nh5 9. Bg3 0-0 10. 0-0 Nxg3 11. hxg3 Bd7 12. a3 Rc8 13. Rc1 h6 14. Qb3 Na5 15. Qa2 b5 16. b3 Bd6 17. a4 b4 18. Qb2 Qb6 19. Ne5 Bxe5 20. dxe5 Nb7 21. Nf3 Nc5 22. Nd4 Ne4 23. Rxc8 Rxc8 24. Rc1 Nc3 25. Bd3 Qc7 26. Kf1 Qxe5 27. Qd2 Qh5 28. Kg1 e5 29. Nb5 Bxb5 30. axb5 Qg5 31. Ra1 Qe7 32. Bf5 Rc7 33. b6 Rb7 34. bxa7 Rxa7 35. Rxa7 Qxa7 36. Qd3 Qb6 37. Bd7 g6 38. Bg4 Kg7 39. Bh3 Qb5 40. Qd2 Qe2 41. Qc1 f5 42. Qa1 Qa2 43. Qxa2 Nxa2 44. g4 Kf6 45. gxf5 gxf5 46. g4 Nc1 47. gxf5 Nxb3 48. Kf1 Nc5 49. Ke2 Ne4 50. f3 b3 51. Kd1 Nf2+ 0-1

[Event "Titled Tuesday intern op 16th Jan Early"]
[Site "Chess.com INT"]
[Date "2024.01.16"]
[Round "8"]
[White "Radibratovic, Predrag"]
[Black "Hnatyshyn, Anastasiya"]
[Result "0-1"]
[WhiteElo "2324"]
[BlackElo "2152"]
[PlyCount "84"]
[EventDate "2024.01.16"]
[EventType "swiss (blitz)"]
[EventRounds "11"]
[EventCountry "USA"]
[SourceTitle "CB04_2024"]
[SourceDate "2023.10.16"]
[SourceVersion "1"]
[SourceVersionDate "2023.10.16"]
[SourceQuality "1"]

1. d4 Nf6 2. Bg5 Ne4 3. Bf4 d5 4. Nd2 Nxd2 5. Qxd2 c5 6. c3 Nc6 7. e3 Bf5 8. Nf3 h6 9. Be2 e6 10. 0-0 Be7 11. h3 0-0 12. Rfe1 Rc8 13. Ne5 Nxe5 14. Bxe5 Bd6 15. Bxd6 Qxd6 16. a3 e5 17. dxe5 Qxe5 18. Bf3 Rfd8 19. Red1 Be4 20. Qe2 Rd6 21. Rd2 Rcd8 22. Rad1 b6 23. Bxe4 dxe4 24. Rxd6 Rxd6 25. Rd2 Qe6 26. Qd1 Rxd2 27. Qxd2 Qc4 28. g4 g6 29. b4 a5 30. bxa5 bxa5 31. Qb2 Kg7 32. Kg2 a4 33. Kg3 Qb3 34. Qc1 c4 35. h4 Qb8+ 36. Kg2 Qd6 37. Qc2 Qxa3 38. Qxe4 Qxc3 39. g5 hxg5 40. hxg5 a3 41. Qa8 Qb2 42. Kf3 a2 0-1

[Event "Titled Tuesday intern op 09th Jan Early"]
[Site "Chess.com INT"]
[Date "2024.01.09"]
[Round "7"]
[White "Paikens, Reinis"]
[Black "Radibratovic, Predrag"]
[Result "1-0"]
[WhiteElo "2131"]
[BlackElo "2324"]
[PlyCount "113"]
[EventDate "2024.01.09"]
[EventType "swiss (blitz)"]
[EventRounds "11"]
[EventCountry "USA"]
[SourceTitle "CB03_2024"]
[SourceDate "2024.01.17"]
[SourceVersion "1"]
[SourceVersionDate "2024.01.17"]
[SourceQuality "1"]

1. c4 c6 2. Nc3 d5 3. cxd5 cxd5 4. d4 Nc6 5. Nf3 Nf6 6. Bf4 a6 7. e3 g6 8. a3 Bg7 9. b4 0-0 10. Be2 Bg4 11. 0-0 Rc8 12. Rc1 b5 13. h3 Bxf3 14. Bxf3 e6 15. Nb1 Ne7 16. Nd2 Nf5 17. Nb3 Rxc1 18. Qxc1 Nd6 19. Qc6 Nc4 20. Qxa6 Qa8 21. Qxb5 Qxa3 22. Na5 Nd2 23. Rd1 Nxf3+ 24. gxf3 Nh5 25. Bd6 Rc8 26. Bc5 Bh6 27. Qd3 Qa4 28. Qb3 Qb5 29. Qd3 Qa4 30. Rb1 Ng7 31. Qa6 Rb8 32. Qa7 Rc8 33. Qb7 Re8 34. Qc6 Qa2 35. Rf1 Rb8 36. Qc7 Re8 37. b5 Nf5 38. Qc6 Rb8 39. Qc7 Ra8 40. Nc6 Nxe3 41. Ne7+ Kh8 42. Qe5+ Bg7 43. Qxe3 Qb2 44. b6 Bf6 45. Nc6 Kg7 46. Qd3 Ra1 47. Rxa1 Qxa1+ 48. Kg2 Qb2 49. Nb4 Bh4 50. Qe3 h6 51. b7 Bg5 52. Qe5+ Bf6 53. Bf8+ Kxf8 54. b8Q+ Kg7 55. Qed6 Bxd4 56. Qbf8+ Kf6 57. Qf4# 1-0

[Event "Vojvodina-chT"]
[Site "Novi Sad"]
[Date "2017.11.18"]
[Round "8.2"]
[White "Radibratovic, Predrag"]
[Black "Kopasz, Robert"]
[Result "1/2-1/2"]
[WhiteElo "2332"]
[BlackElo "2265"]
[PlyCount "25"]
[EventDate "2017.11.13"]
[EventType "team-tourn"]
[EventRounds "11"]
[EventCountry "SRB"]
[SourceTitle "CBM 181 Extra"]
[Source "ChessBase"]
[SourceDate "2017.12.12"]
[SourceVersion "1"]
[SourceVersionDate "2017.12.12"]
[SourceQuality "1"]
[WhiteTeam "Beska Hajduk"]
[BlackTeam "Senta"]
[WhiteTeamCountry "SRB"]
[BlackTeamCountry "SRB"]

1. d4 g6 2. Nf3 Bg7 3. g3 Nf6 4. Bg2 d6 5. 0-0 0-0 6. Re1 Nbd7 7. e4 e5 8. dxe5 Nxe5 9. Nxe5 dxe5 10. Nc3 Bg4 11. Bf3 Qxd1 12. Bxd1 Be6 13. Be3 1/2-1/2

[Event "Vojvodina-chT"]
[Site "Novi Sad"]
[Date "2017.11.16"]
[Round "5.2"]
[White "Farkas, Tibor"]
[Black "Radibratovic, Predrag"]
[Result "1/2-1/2"]
[WhiteElo "2315"]
[BlackElo "2332"]
[PlyCount "41"]
[EventDate "2017.11.13"]
[EventType "team-tourn"]
[EventRounds "11"]
[EventCountry "SRB"]
[SourceTitle "CBM 181 Extra"]
[Source "ChessBase"]
[SourceDate "2017.12.12"]
[SourceVersion "1"]
[SourceVersionDate "2017.12.12"]
[SourceQuality "1"]
[WhiteTeam "Pacir Backa"]
[BlackTeam "Beska Hajduk"]
[WhiteTeamCountry "SRB"]
[BlackTeamCountry "SRB"]

1. e4 d5 2. exd5 Qxd5 3. Nf3 Bg4 4. Be2 c6 5. 0-0 e6 6. h3 Bh5 7. d4 Nd7 8. c4 Qa5 9. Nc3 Ngf6 10. Bf4 Be7 11. a3 0-0 12. b4 Qb6 13. Be3 Qc7 14. Rc1 Qb8 15. Qb3 a5 16. Rfd1 axb4 17. axb4 Rd8 18. Rd2 Qd6 19. Rb2 Qb8 20. Rd2 Qd6 21. Rb2 1/2-1/2

[Event "SRB-chT 1st League"]
[Site "Kragujevac"]
[Date "2015.09.12"]
[Round "10.6"]
[White "Pikula, Dejan"]
[Black "Radibratovic, Predrag"]
[Result "1/2-1/2"]
[WhiteElo "2472"]
[BlackElo "2327"]
[PlyCount "86"]
[EventDate "2015.09.05"]
[EventType "team-tourn"]
[EventRounds "11"]
[EventCountry "SRB"]
[SourceTitle "EXT 2016"]
[Source "ChessBase"]
[SourceDate "2015.10.08"]
[SourceVersion "1"]
[SourceVersionDate "2015.10.08"]
[SourceQuality "1"]
[WhiteTeam "Arandjelovac"]
[BlackTeam "Prijepolje Priko"]
[WhiteTeamCountry "SRB"]
[BlackTeamCountry "SRB"]

1. e4 c6 2. d4 d5 3. Nc3 dxe4 4. Nxe4 Bf5 5. Ng3 Bg6 6. h4 h6 7. Nf3 Nd7 8. h5 Bh7 9. Bd3 Bxd3 10. Qxd3 Ngf6 11. Bd2 e6 12. 0-0-0 Be7 13. Kb1 Qc7 14. Ne4 0-0-0 15. g3 Nxe4 16. Qxe4 Nf6 17. Qe2 Bd6 18. c4 Qe7 19. Ba5 Rd7 20. Ne5 Bxe5 21. dxe5 Rxd1+ 22. Rxd1 Nd7 23. f4 Re8 24. Qe3 b6 25. Bc3 Qc5 26. Qd2 Qe7 27. Bb4 c5 28. Bc3 Rd8 29. Qe2 Nb8 30. Rd6 Qb7 31. a3 Qh1+ 32. Ka2 Nc6 33. Qd3 Rxd6 34. exd6 Kd7 35. f5 Qxh5 36. fxe6+ fxe6 37. Bxg7 Qf5 38. Qxf5 exf5 39. Bxh6 Ne5 40. Kb3 Nf7 41. Bf4 Nxd6 42. Kc3 a6 43. b3 Nf7 1/2-1/2

[Event "SRB-chT 1st League"]
[Site "Kragujevac"]
[Date "2015.09.11"]
[Round "9.2"]
[White "Radibratovic, Predrag"]
[Black "Milanovic, Slavisa"]
[Result "1/2-1/2"]
[WhiteElo "2327"]
[BlackElo "2381"]
[PlyCount "35"]
[EventDate "2015.09.05"]
[EventType "team-tourn"]
[EventRounds "11"]
[EventCountry "SRB"]
[SourceTitle "EXT 2016"]
[Source "ChessBase"]
[SourceDate "2015.10.08"]
[SourceVersion "1"]
[SourceVersionDate "2015.10.08"]
[SourceQuality "1"]
[WhiteTeam "Prijepolje Priko"]
[BlackTeam "Ub"]
[WhiteTeamCountry "SRB"]
[BlackTeamCountry "SRB"]

1. d4 e6 2. e4 d5 3. exd5 exd5 4. Bd3 Nc6 5. c3 Bd6 6. Qf3 Nf6 7. Bg5 Bg4 8. Qxg4 Nxg4 9. Bxd8 Nxd8 10. Nf3 Ne6 11. 0-0 0-0 12. Re1 Rfe8 13. Nbd2 Nf4 14. Bf5 Nf6 15. g3 Ng6 16. Kf1 c6 17. Rxe8+ Rxe8 18. Re1 1/2-1/2

[Event "SRB-chT 1st League"]
[Site "Kragujevac"]
[Date "2015.09.05"]
[Round "1.6"]
[White "Radibratovic, Predrag"]
[Black "Petkov, Vladimir"]
[Result "1-0"]
[WhiteElo "2327"]
[BlackElo "2481"]
[PlyCount "81"]
[EventDate "2015.09.05"]
[EventType "team-tourn"]
[EventRounds "11"]
[EventCountry "SRB"]
[SourceTitle "EXT 2016"]
[Source "ChessBase"]
[SourceDate "2015.10.08"]
[SourceVersion "1"]
[SourceVersionDate "2015.10.08"]
[SourceQuality "1"]
[WhiteTeam "Prijepolje Priko"]
[BlackTeam "Pirot Progres"]
[WhiteTeamCountry "SRB"]
[BlackTeamCountry "SRB"]

1. d4 Nf6 2. Nf3 d5 3. Bf4 c5 4. c3 Nc6 5. e3 Qb6 6. Qb3 c4 7. Qc2 Bf5 8. Qc1 e6 9. Nbd2 Qd8 10. b4 Bd6 11. Bxd6 Qxd6 12. a4 0-0 13. Be2 h6 14. 0-0 Bh7 15. a5 a6 16. Re1 Nd7 17. Bd1 Na7 18. e4 Nb5 19. e5 Qe7 20. Bc2 Bg6 21. Re3 Nb8 22. Qb1 Bxc2 23. Qxc2 Nc6 24. Nf1 b6 25. axb6 Rfb8 26. Ng3 Rxb6 27. Nh5 a5 28. bxa5 Rxa5 29. Rxa5 Nxa5 30. g4 Nc6 31. h4 Qa3 32. g5 Qb3 33. Qc1 Qa3 34. Qc2 Qa1+ 35. Kg2 Ra6 36. g6 Ne7 37. gxf7+ Kxf7 38. Qh7 Nf5 39. Nxg7 Nxe3+ 40. fxe3 Qa3 41. Nh5+ 1-0

[Event "SRB-chT Central"]
[Site "Kragujevac"]
[Date "2013.09.21"]
[Round "10.5"]
[White "Radibratovic, Predrag"]
[Black "Atalik, Suat"]
[Result "0-1"]
[WhiteElo "2362"]
[BlackElo "2566"]
[PlyCount "32"]
[EventDate "2013.09.14"]
[EventType "team-tourn"]
[EventRounds "11"]
[EventCountry "SRB"]
[SourceTitle "CBM 158"]
[Source "ChessBase"]
[SourceDate "2014.01.16"]
[SourceVersion "1"]
[SourceVersionDate "2014.01.16"]
[SourceQuality "1"]
[WhiteTeam "Prijepolje Priko"]
[BlackTeam "Kraljevo Sloga Turist"]
[WhiteTeamCountry "SRB"]
[BlackTeamCountry "SRB"]

1. e4 c5 2. Nf3 Nc6 3. Bb5 d6 4. 0-0 Bd7 5. Re1 Nf6 6. h3 e5 7. c3 a6 8. Ba4 b5 9. Bc2 g5 10. d4 g4 11. dxe5 gxf3 12. exf6 Qxf6 13. e5 Nxe5 14. Qd5 Rc8 15. Nd2 Bc6 16. Ne4 Qg7 0-1

[Event "SRB-chT Central"]
[Site "Kragujevac"]
[Date "2013.09.20"]
[Round "9.2"]
[White "Radibratovic, Predrag"]
[Black "Perunovic, Miodrag"]
[Result "0-1"]
[WhiteElo "2362"]
[BlackElo "2418"]
[PlyCount "48"]
[EventDate "2013.09.14"]
[EventType "team-tourn"]
[EventRounds "11"]
[EventCountry "SRB"]
[SourceTitle "CBM 156 Extra"]
[Source "ChessBase"]
[SourceDate "2013.10.22"]
[SourceVersion "1"]
[SourceVersionDate "2013.10.22"]
[SourceQuality "1"]
[WhiteTeam "Prijepolje Priko"]
[BlackTeam "Pozega"]
[WhiteTeamCountry "SRB"]
[BlackTeamCountry "SRB"]

1. d4 e6 2. e4 d5 3. exd5 exd5 4. Bd3 c5 5. Qe2+ Be7 6. dxc5 Nf6 7. Nf3 0-0 8. 0-0 Re8 9. h3 Bxc5 10. Qd1 Nc6 11. Nbd2 Qd6 12. Nb3 Bb6 13. Re1 Bxh3 14. Be3 Bxe3 15. Rxe3 Rxe3 16. fxe3 Qg3 17. Qe2 Ng4 18. Bf5 Bxg2 19. Bxh7+ Kxh7 20. Qxg2 Qxg2+ 21. Kxg2 Nxe3+ 22. Kf2 Nxc2 23. Rh1+ Kg8 24. a3 Re8 0-1

[Event "SRB-chT Central"]
[Site "Kragujevac"]
[Date "2013.09.15"]
[Round "3.3"]
[White "Zajic, Milan"]
[Black "Radibratovic, Predrag"]
[Result "1-0"]
[WhiteElo "2302"]
[BlackElo "2362"]
[PlyCount "91"]
[EventDate "2013.09.14"]
[EventType "team-tourn"]
[EventRounds "11"]
[EventCountry "SRB"]
[SourceTitle "CBM 156 Extra"]
[Source "ChessBase"]
[SourceDate "2013.10.22"]
[SourceVersion "1"]
[SourceVersionDate "2013.10.22"]
[SourceQuality "1"]
[WhiteTeam "Paracin"]
[BlackTeam "Prijepolje Priko"]
[WhiteTeamCountry "SRB"]
[BlackTeamCountry "SRB"]

1. e4 d5 2. exd5 Qxd5 3. Nc3 Qd6 4. d4 c6 5. g3 Nf6 6. Bg2 Be6 7. Nf3 Bg4 8. 0-0 e6 9. h3 Bxf3 10. Bxf3 Be7 11. Ne2 0-0 12. c4 Qc7 13. Be3 Nbd7 14. Qb3 Bd6 15. Bg2 a6 16. Rac1 Rad8 17. d5 exd5 18. cxd5 c5 19. Nd4 b5 20. a4 c4 21. Qc2 Qb7 22. axb5 axb5 23. Nf5 Bc5 24. Bg5 Qb6 25. Rcd1 Rde8 26. b3 cxb3 27. Qxb3 Ne4 28. Bxe4 Rxe4 29. d6 Re5 30. Ne7+ Kh8 31. Nd5 Qb7 32. Be7 Rb8 33. Nf4 Kg8 34. Rfe1 Qa7 35. Nd3 Rxe1+ 36. Rxe1 Qb7 37. Ne5 Nxe5 38. Rxe5 Bd4 39. Rf5 Bf6 40. Bxf6 gxf6 41. Rxf6 Qd7 42. Kh2 b4 43. h4 Kg7 44. Rf4 Rb6 45. Qb2+ Kg8 46. Rxb4 1-0

[Event "SRB-chT2 West"]
[Site "Serbia"]
[Date "2009.10.09"]
[Round "8.1"]
[White "Radibratovic, Predrag"]
[Black "Ilic, Zoran"]
[Result "1-0"]
[WhiteElo "2349"]
[BlackElo "2204"]
[PlyCount "73"]
[EventDate "2009.09.06"]
[EventType "team"]
[EventRounds "11"]
[EventCountry "SRB"]
[SourceTitle "EXT 2012"]
[Source "ChessBase"]
[SourceDate "2011.11.24"]
[SourceVersion "1"]
[SourceVersionDate "2011.11.24"]
[SourceQuality "1"]

1. d4 Nf6 2. Bg5 c5 3. Bxf6 gxf6 4. c3 Qb6 5. Qc2 d5 6. e3 Nc6 7. Nd2 e5 8. dxc5 Bxc5 9. Qb3 Be6 10. Qxb6 Bxb6 11. Ngf3 0-0-0 12. g3 d4 13. cxd4 exd4 14. e4 d3 15. Rc1 Kb8 16. Rc3 f5 17. e5 f6 18. exf6 Rhe8 19. Kd1 Bxf2 20. Rxd3 Bd5 21. Kc2 Be4 22. Nxe4 fxe4 23. Rxd8+ Rxd8 24. Ng5 Nd4+ 25. Kc1 e3 26. Ne4 Be1 27. Bc4 Ba5 28. b4 Bc7 29. Re1 b5 30. Bd3 Be5 31. Ng5 Kc7 32. Bxb5 Bd6 33. Bd3 Bc5 34. bxc5 Rf8 35. Rxe3 Rxf6 36. Kd2 Kc6 37. Bxh7 1-0

[Event "SRB-chT3 West"]
[Site "Serbia"]
[Date "2007.10.07"]
[Round "5"]
[White "Jevdjovic, Milorad"]
[Black "Radibratovic, Predrag"]
[Result "0-1"]
[WhiteElo "2318"]
[BlackElo "2322"]
[PlyCount "98"]
[EventDate "2007.09.11"]
[EventType "team"]
[EventRounds "11"]
[EventCountry "SRB"]
[SourceTitle "EXT 2012"]
[Source "ChessBase"]
[SourceDate "2011.11.24"]
[SourceVersion "1"]
[SourceVersionDate "2011.11.24"]
[SourceQuality "1"]
[WhiteTeam "Lucani Mladost"]
[BlackTeam "Zlatibor Cigota"]
[WhiteTeamCountry "SRB"]
[BlackTeamCountry "SRB"]

1. e4 d5 2. exd5 Qxd5 3. Nc3 Qd8 4. Nf3 Bg4 5. h3 Bh5 6. d4 e6 7. Be2 c6 8. 0-0 Nd7 9. Bf4 Ngf6 10. Qd2 Be7 11. Ne5 Bxe2 12. Nxe2 Nxe5 13. Bxe5 0-0 14. Rad1 Nd7 15. Bf4 Qb6 16. c3 Rfd8 17. Qc2 Nf8 18. Nc1 Ng6 19. Bg3 Rd5 20. Nd3 Rad8 21. Nf4 Nxf4 22. Bxf4 Bf6 23. Be3 Qc7 24. Qb3 b5 25. Qc2 Qd7 26. Rc1 g6 27. Qe4 Rf5 28. Rfd1 Qd5 29. Qb1 Bg5 30. b3 Bxe3 31. fxe3 Rg5 32. e4 Qd6 33. e5 Qd5 34. Qc2 Qf3 35. Kh1 Qg3 36. Rd3 Qh4 37. Rf3 Rf5 38. Qe2 b4 39. Rxf5 gxf5 40. Qc4 bxc3 41. Qxc6 Rxd4 42. Qxc3 Qf4 43. Qc7 Rd5 44. Qc4 Qxe5 45. Qh4 Qe3 46. Re1 Rd4 47. Rxe3 Rxh4 48. Rc3 Rd4 49. Rc5 Kg7 0-1